00322nam a2200133Ia 4500003000400000005001700004008004100021020002400062040002700086100001900113245002500132260002200157260000900179OSt20240219152754.0170523s9999 xx 000 0 und d a ‎ 978-0074620960 ciimt university meerut aBARUA- SAMIR K 0aPORTFOLIO MANAGEMENT bTATA MC GRAW HILL c1999